| 000 -CABECERA |
| Longitud fija campo de control |
00535nam a2200181 a 4500 |
| 001 - NÚMERO DE CONTROL |
| Número de control |
3126 |
| 003 - IDENTIFICADOR DEL NÚMERO DE CONTROL |
| Identificador del número de control |
CDMR |
| 005 - FECHA Y HORA DE LA ÚLTIMA TRANSACCIÓN |
| Fecha y hora de la última transacción |
20130322134733.0 |
| 008 - CÓDIGOS DE INFORMACIÓN DE LONGITUD FIJA |
| Códigos de información de longitud fija |
130130s1971||||||||||||||||||||||||||||d |
| 040 ## - FUENTE DE LA CATALOGACIÓN |
| Centro catalogador de origen |
CDMR |
| Lengua de catalogación |
cat |
| Centro transcriptor |
CDMR |
| 100 1# - PUNTO DE ACCESO PRINCIPAL-NOMBRE DE PERSONA |
| Nombre de persona |
Marquerie, Alfredo |
| 9 (RLIN) |
2280 |
| 245 10 - MENCIÓN DE TÍTULO |
| Título |
Personas y personajes |
| Resto del título |
: memorias informales |
| Mención de responsabilidad, etc. |
Alfredo Marquerie ; prólogo de Sebastian Gasch |
| 260 ## - PUBLICACIÓN, DISTRIBUCIÓN, ETC. (PIE DE IMPRENTA) |
| Lugar de publicación, distribución, etc. |
Barcelona |
| Fecha de publicación, distribución, etc. |
1971 |
| Nombre del editor, distribuidor, etc. |
Dopesa |
| 300 ## - DESCRIPCIÓN FÍSICA |
| Extensión |
300 p ; |
| Dimensiones |
22 cm |
| 490 0# - MENCIÓN DE SERIE |
| Mención de serie |
Testimonio de actualidad |
| Designación de volumen o secuencia |
4 |
| 700 1# - PUNTO DE ACCESO ADICIONAL - NOMBRE DE PERSONA |
| Nombre de persona |
Gasch, Sebastian |
| Término indicativo de función |
pr. |
| 9 (RLIN) |
232 |
| 942 ## - ENTRADA DE ELEMENTOS AGREGADOS (KOHA) |
| Koha [por defecto] tipo de item |
Monografies |
| Fuente de clasificaión o esquema |
|